Vybrané nástroje marketingového mixu a ich uplatnenie v predaji slovenského vína

Slovenské vinohradníctvo a vinárstvo a úspechy našich vinárskch podnikov v tejto oblasti. Aktivity a využívanie nástrojov marketingu, tak aby sa mohol vytvoriť efektívny marketing vína. Ekologický spôsob pestovania hrozna a očakávania spotrebiteľov.

Gespeichert in:
Bibliographische Detailangaben
1. Verfasser: Filo, Peter
Weitere Verfasser: Försterová, Ingrid
Format: Buchkapitel
Sprache:Slowakisch
Schlagworte:
Tags: Tag hinzufügen
Keine Tags, Fügen Sie das erste Tag hinzu!

MARC

LEADER 00000naa$a2200000$$$4500
001 0225369
005 20240502073709.0
041 0 |a slo 
044 |a SK 
245 1 0 |a Vybrané nástroje marketingového mixu a ich uplatnenie v predaji slovenského vína  |c Peter Filo, Ingrid Försterová 
520 |a Slovenské vinohradníctvo a vinárstvo a úspechy našich vinárskch podnikov v tejto oblasti. Aktivity a využívanie nástrojov marketingu, tak aby sa mohol vytvoriť efektívny marketing vína. Ekologický spôsob pestovania hrozna a očakávania spotrebiteľov. 
610 2 0 |a marketing mix 
610 2 0 |a nástroje marketingové 
610 2 0 |a stratégia marketingová 
610 2 0 |a certifikácia 
610 2 0 |a vinohradníctvo 
610 2 0 |a víno 
610 2 0 |a hrozno 
610 2 0 |a úroda 
610 2 0 |a Slovensko 
100 1 |a Filo, Peter 
700 1 |a Försterová, Ingrid